Гидрогеохимия основных ландшафтно-геоморфологических зон Республики Хакасия; Обской вестник; № 1

Détails bibliographiques
Parent link:Обской вестник: научно-практический журнал/ Комитет России по водному хозяйству ; Сибирское соглашение ; Обской бассейновый совет ; Российская академия наук (РАН), Сибирское отделение (СО), Институт водных и экологических проблем (ИВЭП) ; Водоканал Барнаула ; Ноосфера.— , 1999-2001
№ 1.— 2001.— С. 59-64
Collectivités auteurs: Томский политехнический университет (ТПУ), Томский государственный университет (ТГУ)
Autres auteurs: Сметанина И. В. Ирина Валерьевна, Копылова Ю. Г. Юлия Григорьевна, Парначев В. П., Макаренко Н. А., Марулева В. М. Вера Михайловна
Langue:russe
Publié: 2001
Sujets:
Format: MixedMaterials Chapitre de livre
KOHA link:https://koha.lib.tpu.ru/cgi-bin/koha/opac-detail.pl?biblionumber=410388

MARC

LEADER 00000naa2a2200000 4500
001 410388
005 20231101071323.0
035 |a (RuTPU)RU\TPU\prd\64307 
090 |a 410388 
100 |a 20090319a1999 k y0rusy50 ca 
101 0 |a rus 
102 |a RU 
200 1 |a Гидрогеохимия основных ландшафтно-геоморфологических зон Республики Хакасия  |f И. В. Сметанина [и др.]  |g Томский политехнический университет (ТПУ) ; Томский государственный университет (ТГУ) 
320 |a Библиогр.: 5 назв. 
461 0 |0 (RuTPU)RU\TPU\prd\41  |t Обской вестник  |o научно-практический журнал  |f Комитет России по водному хозяйству ; Сибирское соглашение ; Обской бассейновый совет ; Российская академия наук (РАН), Сибирское отделение (СО), Институт водных и экологических проблем (ИВЭП) ; Водоканал Барнаула ; Ноосфера  |d 1999-2001 
463 0 |0 (RuTPU)RU\TPU\prd\64284  |t № 1  |v С. 59-64  |d 2001 
610 1 |a труды учёных ТПУ 
675 |a 550.84:550.461(571.513)  |v 3 
701 1 |a Сметанина  |b И. В.  |c гидрогеолог  |c научный сотрудник Томского политехнического университета  |f 1969-  |g Ирина Валерьевна  |2 stltpush  |3 (RuTPU)RU\TPU\pers\29954 
701 1 |a Копылова  |b Ю. Г.  |c гидрогеолог  |c доцент Томского политехнического университета, кандидат геолого-минералогических наук  |f 1941-  |g Юлия Григорьевна  |2 stltpush  |3 (RuTPU)RU\TPU\pers\26086 
701 1 |a Парначев  |b В. П. 
701 1 |a Макаренко  |b Н. А. 
701 1 |a Марулева  |b В. М.  |c гидрогеолог  |c инженер Томского политехнического университета  |f 1947-  |g Вера Михайловна  |2 stltpush  |3 (RuTPU)RU\TPU\pers\31460 
712 0 2 |a Томский политехнический университет (ТПУ)  |c (1991- )  |2 stltpush  |3 (RuTPU)RU\TPU\col\376 
712 0 2 |a Томский государственный университет (ТГУ)  |2 stltpush  |3 (RuTPU)RU\TPU\col\397 
801 1 |a RU  |b 63413507  |c 20090319  |g PSBO 
801 2 |a RU  |b 63413507  |c 20160429  |g RCR 
942 |c BK